UITU Library & LRC     

Signal & Systems: aprimer with Matlab (Record no. 31548)

MARC details
000 -LEADER
fixed length control field 00449nam a2200169Ia 4500
008 - FIXED-LENGTH DATA ELEMENTS--GENERAL INFORMATION
fixed length control field 250827s9999 xx 000 0 und d
020 ## - INTERNATIONAL STANDARD BOOK NUMBER
International Standard Book Number 978-1-0324-6867-9
082 ## - DEWEY DECIMAL CLASSIFICATION NUMBER
Classification number 621.3822 SAD
100 ## - MAIN ENTRY--PERSONAL NAME
Personal name Sadiku, Matthew N. O.
245 #0 - TITLE STATEMENT
Title Signal & Systems: aprimer with Matlab
250 ## - EDITION STATEMENT
Edition statement 2nd ed.
260 ## - PUBLICATION, DISTRIBUTION, ETC.
Place of publication, distribution, etc. New York
Name of publisher, distributor, etc. CRC Press
Date of publication, distribution, etc. 2016
300 ## - PHYSICAL DESCRIPTION
Extent 450p.
600 ## - SUBJECT ADDED ENTRY--PERSONAL NAME
Personal name Electronic Engineering
650 ## - SUBJECT ADDED ENTRY--TOPICAL TERM
Topical term or geographic name entry element Engineering Technology
942 ## - ADDED ENTRY ELEMENTS (KOHA)
Koha item type Book Bank Data
Holdings
Withdrawn status Lost status Damaged status Not for loan Collection Home library Current library Date acquired Source of acquisition Cost, normal purchase price Total checkouts Full call number Barcode Date last seen Price effective from Koha item type
        BB-Electrical Engineering UITU Library UITU Library 08/27/2025 H&S Enterprices 3961.57   621.3822 SAD BB2750 08/27/2025   Book Bank Data

Powered by Koha